| 000 | 00363nam a22001457a 4500 | ||
|---|---|---|---|
| 003 | OSt | ||
| 005 | 20211223145640.0 | ||
| 008 | 211223b |||||||| |||| 00| 0 eng d | ||
| 020 | _a0849308593 | ||
| 040 | _cHU | ||
| 082 | _a004.4NET2000 | ||
| 100 |
_aNET _924400 |
||
| 245 | _aBest Practices Serise Network Design Principles & Application | ||
| 942 |
_2ddc _cBOOKS _n0 |
||
| 999 |
_c23778 _d23778 |
||